Daňové priznanie k dani z príjmov fyzických osôb za rok 1998 (s príkladom)
Daňové priznania k dani z príjmov fyzických osôb. Lehota na podanie daňového priznania. Druhy daňového priznania. Vypĺňanie daňového priznania - príklad. Vypĺňanie tabuliek pomocných výpočtov. Výpočet základu dane.
Gespeichert in:
| 1. Verfasser: | |
|---|---|
| Format: | Buchkapitel |
| Sprache: | Slowakisch |
| Schlagworte: | |
| Tags: |
Keine Tags, Fügen Sie das erste Tag hinzu!
|
MARC
| LEADER | 00000naa a2200000 4500 | ||
|---|---|---|---|
| 001 | r034496 | ||
| 005 | 20231002071509.1 | ||
| 041 | 0 | |a slo | |
| 044 | |a SK | ||
| 245 | 1 | 0 | |a Daňové priznanie k dani z príjmov fyzických osôb za rok 1998 (s príkladom) |c Juraj Lipták |
| 520 | |a Daňové priznania k dani z príjmov fyzických osôb. Lehota na podanie daňového priznania. Druhy daňového priznania. Vypĺňanie daňového priznania - príklad. Vypĺňanie tabuliek pomocných výpočtov. Výpočet základu dane. | ||
| 610 | 2 | 0 | |a dane z príjmov |
| 610 | 2 | 0 | |a priznania daňové |
| 610 | 2 | 0 | |a osoby fyzické |
| 610 | 2 | 0 | |a daňovníci |
| 610 | 2 | 0 | |a príjmy |
| 610 | 2 | 0 | |a výdavky |
| 610 | 2 | 0 | |a zdaňovanie |
| 610 | 2 | 0 | |a preddavky |
| 610 | 2 | 0 | |a Slovensko |
| 610 | 2 | 0 | |a 1998 |
| 100 | 1 | |a Lipták, Juraj | |